|
|
|
|
| LEADER |
01606nam a2200373 4500 |
| 001 |
36625 |
| 003 |
BD-DhAAL |
| 005 |
20191119153428.0 |
| 008 |
910726s1990 ii b i100 0 eng |
| 999 |
|
|
|c 41849
|d 41849
|
| 010 |
|
|
|a 90907081
|
| 020 |
|
|
|a 9221072657
|
| 035 |
|
|
|a GLIS00616343
|
| 040 |
|
|
|a DLC
|c DLC
|d MYG
|d BD-DhAAL
|
| 043 |
|
|
|a a------
|
| 049 |
|
|
|a MYGG
|
| 050 |
0 |
0 |
|a HD5811.85.A6
|b E48 1990
|
| 082 |
|
|
|a 331.11095
|2 22
|
| 245 |
0 |
0 |
|a Employment challenges for the 90s /
|c International Labour Organisation
|
| 260 |
|
|
|a Geneva ;
|a New Delhi :
|b Asian Regional Team for Employment Promotion ;
|b World Employment Programme,
|c c1990.
|
| 300 |
|
|
|a 147 pages :
|b illustrations
|c 22 cm.
|
| 500 |
|
|
|a Papers presented at the Third Meeting of Asian Employment Planners, New Delhi, 20-22 Nov. 1989.
|
| 504 |
|
|
|a Includes bibliographical references.
|
| 526 |
|
|
|a ESS
|
| 541 |
|
|
|a Complimentary copy from Professor Dr. Nasreen Khundker
|d 36625
|
| 650 |
|
0 |
|a Manpower policy
|z Asia
|v Congresses.
|9 37381
|
| 650 |
|
0 |
|a Employment forecasting
|z Asia
|v Congresses.
|9 37382
|
| 650 |
|
0 |
|a Labor supply
|z Asia
|v Congresses.
|9 37383
|
| 650 |
|
0 |
|a Labor supply
|9 37384
|
| 710 |
2 |
|
|a Asian Regional Team for Employment Promotion.
|9 37385
|
| 710 |
2 |
|
|a World Employment Programme.
|9 37386
|
| 711 |
2 |
|
|a Meeting of Asian Employment Planners
|n (3rd :
|d 1989 :
|c New Delhi, India)
|9 37387
|
| 942 |
|
|
|2 ddc
|c BK
|
| 952 |
|
|
|0 0
|1 0
|2 ddc
|4 0
|6 331_110950000000000_EMP
|7 0
|9 67204
|a BRACUL
|b BRACUL
|c GEN
|d 2019-11-19
|e Complimentary copy from Professor Dr. Nasreen Khundker
|l 0
|o 331.11095 EMP
|p 3010036625
|r 2019-11-19
|t 1
|w 2019-11-19
|y BK
|